000 00999nam a2200277 i 4500
001 44301
003 ES-MaACL
005 20240424173555.0
007 t|
008 030321s1965 sp ||||1| spa d
245 0 3 _aLa ciudad de los poetas
_b: antología : Antonio Coll Vidal, Samuel Lugo, Odulio Bauza, Luis Hernández Aquino, Gaspar Gerena Brás, Francisco Matos Paoli, Guillermo Bauza.
260 _a[Palencia] :
_bRocamador,
_c[1965]
300 _a142 p., 1 lám. ;
_c22 cm.
505 8 _aContiene: El grito de Lares / por Bolivar Pagan
700 1 _aColl Vidal, Antonio.
_939632
700 1 _aLugo, Samuel.
_974658
700 1 _aBauza, Obdulio.
_926631
700 1 _aHernández Aquino, Luis.
_962883
700 1 _aGerena Bras, Gaspar.
_956436
700 0 _aMatos Paoli, Francisco,
_d1915-2000
_979096
700 1 _aBauzá, Guillermo.
_926628
700 0 _aPagán, Bolívar.
_988247
740 3 _aEl grito de Lares.
852 _aES-MaACL
_jG-771
_bR.58450
999 _c44301
_d44301